| 000 | 01124nam a22003137a 4500 | ||
|---|---|---|---|
| 003 | CHAP | ||
| 005 | 20220817043328.0 | ||
| 008 | 971013s1989 r 00010 d | ||
| 010 | _a72030 | ||
| 011 | _a73002 | ||
| 035 | _a82559 | ||
| 040 | _cCHAP | ||
| 082 |
_a338.972 _bS5 |
||
| 100 | 0 | 0 |
_aSilva Herzog, Jesús. _9106007 |
| 245 |
_aConferencias _b: apuntes sobre evolución económica de México |
||
| 260 |
_aMéxico, D.F. : _bUniversidad Nacional Autónoma de México. Facultad de Economía, _c1989 |
||
| 300 | _a108 P. | ||
| 490 | _aClásicos de la economía mexicana | ||
| 590 |
_aBATCH-UPD _b10 _c20130110 _lUCH01 _h1610 |
||
| 590 |
_aBATCH-UPD _b10 _c20130410 _lUCH01 _h1005 |
||
| 590 |
_aBATCH-UPD _b10 _c20130914 _lUCH01 _h1823 |
||
| 590 |
_aCONVERSION _b10 _c20130109 _lUCH01 _h1339 |
||
| 650 | 1 | 4 |
_aMéxico _xCondiciones económicas. |
| 830 | 0 |
_aClásicos de la economía mexicana _923887 |
|
| 901 | _aBK | ||
| 942 | _cLIBRO | ||
| 949 |
_a338.972 S5 _bBC _cLIBRO _d33724000120051 _eLIBRO _gI.c/e _h86595 _i82559 _si _t20.00 |
||
| 949 |
_a338.972 S5 _bBC _cLIBRO _d33724000120069 _eLIBRO _fc.2 _gI.c/e _h86596 _i82559 _si _t20.00 |
||
| 999 |
_c72030 _d72030 |
||